El mapa conceptual y el diagrama UVE: recursos para la enseñanza superior en el siglo XXI

Uloženo v:
Podrobná bibliografie
Hlavní autor: González García, Fermín María (Autor)
Médium: Kniha
Jazyk:španělština
Vydáno: Madrid Narcea 2008
Vydání:2a. ed
Edice:Colección Universitaria
Témata:
Tagy: Přidat tag
Žádné tagy, Buďte první, kdo vytvoří štítek k tomuto záznamu!

MARC

LEADER 00000nam a2200000 a 4500
001 UCG4508
003 CL-VaPUC
008 101104e20081200SP |||||||||||||||||spa|d
020 |a 9788427715738 
082 0 4 |a 370.30281  |b GON  |2 21 
100 |a González García, Fermín María  |e author  |9 553814 
245 1 3 |a El mapa conceptual y el diagrama UVE: recursos para la enseñanza superior en el siglo XXI 
250 |a 2a. ed 
300 |a +177 p 
942 |c BK 
945 |d 20101104 00:00:00  |a mfarfan 
260 |a Madrid  |b Narcea  |c 2008 
650 0 |a Métodos de enseñanza  |9 270413 
650 0 |a Mapas conceptuales   |9 381462 
650 0 |a Aprendizaje   |9 254827 
583 |a last modification  |c 20101104 00:00:00  |k Rodrigo Vera 
490 0 |a Colección Universitaria 
999 |c 343210  |d 343208 
952 |0 0  |1 0  |4 0  |6 370_302810000000000_GON_2008  |7 0  |8 A  |9 440311  |a FDOPOS  |b FDOPOS  |d 2019-11-22  |i 4732650  |o 370.30281 GON 2008  |p 4732650  |r 2025-01-22  |w 2019-11-22  |y BK  |k DLA